Controlador digital universal para las diferentes configuraciones de los sistemas de bombeo
Na minha lista:
| Autor principal: | |
|---|---|
| Formato: | Livro |
| Publicado em: |
San José, Costa Rica
1994
|
| Assuntos: | |
| Tags: |
Adicionar Tag
Sem tags, seja o primeiro a adicionar uma tag!
|
MARC
| LEADER | 00000nam a2200000Ia 4500 | ||
|---|---|---|---|
| 003 | 007566 | ||
| 005 | 20221231144257.0 | ||
| 008 | 140114s1994 cr a m 000 ||s d | ||
| 040 | |c cru CEDI | ||
| 090 | |a TFG 3216 | ||
| 100 | |a Font Carranza, Felipe |9 10936 | ||
| 245 | |a Controlador digital universal para las diferentes configuraciones de los sistemas de bombeo | ||
| 260 | |c 1994 |a San José, Costa Rica | ||
| 300 | |a viii, 82 hojas : ilustraciones (algunas plegables) | ||
| 500 | |a Proyecto de graduación (bachillerato en ingeniería eléctrica)--Universidad de Costa Rica. Facultad de Ingeniería. Escuela de Ingeniería Eléctrica | ||
| 650 | |x SUMINISTRO DE AGUA |x MAQUINAS DE BOMBEO |9 10937 | ||
| 942 | |c TFG | ||
| 999 | |c 19475 |d 19475 | ||
